[Event "Thüringer Einzelmeisterschaft"]
[Site "Finsterbergen (Thüringen)"]
[Date "2007.04.07"]
[Round "6"]
[White "Kirste, Olaf"]
[Black "Michalowski, Peter"]
[Result "1/2-1/2"]
[WhiteElo "2049"]
[BlackElo "2098"]
[PlyCount "122"]
[EventDate "2007.??.??"]

1. c4 Nf6 2. Nc3 e5 3. Nf3 d6 4. d4 exd4 5. Nxd4 Be7 6. e4 O-O 7. Be2 Re8 8.
O-O Nbd7 9. Qc2 c6 10. Bf4 Ne5 11. Rad1 Qc7 12. b3 Bf8 13. Kh1 Be6 14. h3 Rad8
15. Bh2 Bc8 16. f4 Ned7 17. g4 Nc5 18. Bf3 h6 19. Rg1 g6 20. h4 Kh8 21. g5 Nh7
22. b4 Ne6 23. Nxe6 Bxe6 24. c5 h5 25. f5 Bc8 26. Rd2 a5 27. a3 axb4 28. axb4
b6 29. Rgd1 bxc5 30. bxc5 Qa5 31. cxd6 Bd7 32. fxg6 fxg6 33. Ne2 Bg7 34. Nd4
Rc8 35. Qa2 Qb4 36. Qf7 Nf8 37. Nc2 Qc5 38. Qb3 Be6 39. Qd3 Nd7 40. Qa3 Qb6 41.
Nd4 Bf7 42. Bg2 c5 43. Ne2 Rcd8 44. Nf4 Bd4 45. Rxd4 cxd4 46. Bg1 Kg8 47. Bxd4
Qb5 48. Ba1 Ne5 49. Qc3 Qb3 50. Qxb3 Bxb3 51. Rd4 Kf7 52. Rb4 Bc2 53. Rb7+ Rd7
54. Rc7 Ba4 55. Nd5 Ke6 56. Bxe5 Kxe5 57. Nb6 Kxd6 58. Rc4 Ra7 59. Nxa4 Rb8 60.
Nc3 Ra1+ 61. Kh2 Re1 1/2-1/2

[Event "Thüringer Einzelmeisterschaft"]
[Site "Finsterbergen (Thüringen)"]
[Date "2007.04.07"]
[Round "6"]
[White "Horatschek, Stefan"]
[Black "Goemann, Jens"]
[Result "1/2-1/2"]
[WhiteElo "2057"]
[BlackElo "2171"]
[PlyCount "39"]
[EventDate "2007.??.??"]

1. e4 e6 2. d4 d5 3. Nc3 Nf6 4. Bg5 Be7 5. e5 Nfd7 6. Bxe7 Qxe7 7. f4 a6 8. Nf3
c5 9. dxc5 Qxc5 10. Qd2 Nc6 11. Bd3 Nb6 12. Ne2 Bd7 13. c3 h6 14. Ned4 Nc4 15.
Bxc4 Qxc4 16. Qe2 Qxe2+ 17. Kxe2 Na5 18. Nd2 Rc8 19. h4 Ke7 20. Ke3 1/2-1/2

[Event "Thüringer Einzelmeisterschaft"]
[Site "Finsterbergen (Thüringen)"]
[Date "2007.04.07"]
[Round "6"]
[White "Skibbe, Willi"]
[Black "Wagner, Ronald"]
[Result "1-0"]
[WhiteElo "2168"]
[BlackElo "1807"]
[PlyCount "77"]
[EventDate "2007.??.??"]

1. e4 e6 2. d4 d5 3. Nc3 Nf6 4. e5 Nfd7 5. f4 c5 6. Nce2 Nc6 7. Nf3 f6 8. c3
Be7 9. g3 O-O 10. Bh3 Nb6 11. O-O Bd7 12. b3 Rc8 13. Ba3 cxd4 14. Bxe7 Qxe7 15.
exf6 Rxf6 16. Nexd4 Nd8 17. Qd2 Rh6 18. Bg2 Nf7 19. Rae1 Qc5 20. Re3 a5 21.
Rfe1 a4 22. Kh1 axb3 23. axb3 Qa3 24. Qc2 Qd6 25. h4 Kh8 26. Bh3 e5 27. Nxe5
Nxe5 28. fxe5 Qe7 29. e6 Bc6 30. Kh2 Rf6 31. Nf5 Qc5 32. b4 Qf8 33. e7 Qf7 34.
Nd6 Rf2+ 35. Kg1 Rxc2 36. Nxf7+ Kg8 37. Bxc8 Nxc8 38. e8=Q+ Bxe8 39. Rxe8+ 1-0

[Event "Thüringer Einzelmeisterschaft"]
[Site "Finsterbergen (Thüringen)"]
[Date "2007.04.07"]
[Round "6"]
[White "Koksch, Robert"]
[Black "Reichenbach, Marian"]
[Result "1-0"]
[WhiteElo "2108"]
[BlackElo "1601"]
[PlyCount "97"]
[EventDate "2007.??.??"]

1. d4 d5 2. c4 e6 3. Nc3 f5 4. g3 Nf6 5. Bg2 c6 6. Nf3 Be7 7. O-O O-O 8. Qd3
Ne4 9. Nd2 b5 10. cxb5 Nxc3 11. bxc3 cxb5 12. Qxb5 Ba6 13. Qa4 Qc8 14. c4 Nd7
15. cxd5 Nb6 16. Qc6 Qxc6 17. dxc6 Kf7 18. Bf3 Rac8 19. Bb2 Na4 20. Rab1 Bb4
21. Nb3 Bc4 22. Rfc1 Nxb2 23. Rxb2 Ba3 24. Rbc2 Bxb3 25. axb3 Bxc1 26. Rxc1 Rc7
27. Kf1 Rb8 28. Rc3 Ke7 29. Ke1 Kd6 30. Kd2 Re7 31. e4 Rf8 32. e5+ Kc7 33. Rc4
f4 34. g4 g5 35. h3 Rb8 36. Kc3 Rb5 37. Ra4 Kb6 38. b4 h6 39. Be2 a6 40. Bxb5
axb5 41. Ra8 Kxc6 42. Ra6+ Kd5 43. Kd3 Rd7 44. Rb6 Rd8 45. Rxb5+ Kc6 46. Rc5+
Kb6 47. Kc4 Kb7 48. d5 exd5+ 49. Rxd5 1-0

[Event "Thüringer Einzelmeisterschaft"]
[Site "Finsterbergen (Thüringen)"]
[Date "2007.04.07"]
[Round "6"]
[White "von Otte, Wilhelm"]
[Black "Rößner, Uwe"]
[Result "1/2-1/2"]
[WhiteElo "2024"]
[BlackElo "1830"]
[PlyCount "40"]
[EventDate "2007.??.??"]

1. e4 d6 2. d4 Nf6 3. Nc3 e5 4. Nge2 Nbd7 5. g3 Be7 6. Bg2 O-O 7. h3 Ne8 8. O-O
Bg5 9. f4 Bf6 10. Nd5 exf4 11. Nxf6+ Nexf6 12. gxf4 Kh8 13. Ng3 Ng8 14. Kh2 f5
15. Nxf5 Rxf5 16. exf5 Ndf6 17. Qd3 Ne7 18. Rg1 d5 19. Bd2 Bxf5 20. Qe2 Bxc2
1/2-1/2

[Event "Thüringer Einzelmeisterschaft"]
[Site "Finsterbergen (Thüringen)"]
[Date "2007.04.07"]
[Round "6"]
[White "Hanisch, Rene"]
[Black "Bohatschek, Daniel"]
[Result "0-1"]
[WhiteElo "1800"]
[BlackElo "1818"]
[PlyCount "58"]
[EventDate "2007.??.??"]

1. e4 e6 2. Nc3 d5 3. f4 a6 4. Nf3 c5 5. g3 Nf6 6. exd5 exd5 7. Bg2 Nc6 8. O-O
Be7 9. b3 O-O 10. Bb2 Bf5 11. Re1 Nb4 12. d3 d4 13. Ne4 Nbd5 14. Nh4 Bxe4 15.
dxe4 Ne3 16. Qe2 Nfg4 17. Nf5 g6 18. h3 gxf5 19. hxg4 fxg4 20. Bc1 Nxg2 21.
Kxg2 Kh8 22. Qxg4 Rg8 23. Qh5 Rg7 24. Rh1 Qa5 25. Qe5 f6 26. Qf5 Qc3 27. Be3
Qxe3 28. Rh3 Rag8 29. Qxh7+ Rxh7 0-1

[Event "Thüringer Einzelmeisterschaft"]
[Site "Finsterbergen (Thüringen)"]
[Date "2007.04.07"]
[Round "6"]
[White "Gulich, Christian"]
[Black "Müller, Robert"]
[Result "1/2-1/2"]
[WhiteElo "2083"]
[BlackElo "1708"]
[PlyCount "30"]
[EventDate "2007.??.??"]

1. e4 c6 2. d4 d5 3. Nc3 dxe4 4. Nxe4 Bf5 5. Ng3 Bg6 6. Nf3 e6 7. h4 h6 8. h5
Bh7 9. Bd3 Bxd3 10. Qxd3 Nd7 11. Bd2 Qc7 12. O-O-O O-O-O 13. c4 Ngf6 14. Bc3
Bd6 15. Ne4 Nxe4 1/2-1/2

[Event "Thüringer Einzelmeisterschaft"]
[Site "Finsterbergen (Thüringen)"]
[Date "2007.04.07"]
[Round "6"]
[White "Seiler, Mario"]
[Black "Manger, Erika"]
[Result "1-0"]
[WhiteElo "1682"]
[BlackElo "1386"]
[PlyCount "155"]
[EventDate "2007.??.??"]

1. d4 d5 2. e3 c6 3. Bd3 Nf6 4. Nd2 g6 5. f4 Ng4 6. Ndf3 Bg7 7. Ne5 Nxe5 8.
fxe5 Be6 9. Nf3 Nd7 10. O-O O-O 11. Ng5 c5 12. c3 c4 13. Bc2 Qb6 14. Qe1 h6 15.
Nxe6 Qxe6 16. Qh4 h5 17. e4 Nb6 18. Bd2 dxe4 19. Qxe4 Qd5 20. Rf3 Rad8 21. Be3
Qxe4 22. Bxe4 Nd5 23. Bg5 f6 24. exf6 exf6 25. Bd2 f5 26. Bxd5+ Rxd5 27. Re1
Rd7 28. Bg5 Kf7 29. Rfe3 Bf6 30. Bxf6 Kxf6 31. Re6+ Kg7 32. Kf2 Rf6 33. Re7+
Rf7 34. Rxd7 Rxd7 35. Re5 Kf6 36. Rc5 Ke6 37. Rxc4 Kd5 38. Rc5+ Ke4 39. Ke2 b6
40. Re5+ Kf4 41. Kf2 h4 42. Re6 g5 43. Re1 g4 44. g3+ hxg3+ 45. hxg3+ Kg5 46.
Rd1 f4 47. d5 f3 48. d6 Kf5 49. Rd4 a5 50. Ke3 Ke5 51. Rxg4 Rxd6 52. Re4+ Kf5
53. Kxf3 Rd3+ 54. Re3 Rd2 55. Re2 Rd3+ 56. Kf2 Kg4 57. Re4+ Kf5 58. Rd4 Rxd4
59. cxd4 Ke4 60. d5 Kxd5 61. Ke3 Ke5 62. Kd3 b5 63. g4 Kf4 64. Kd4 Kxg4 65. Kc5
b4 66. Kb5 b3 67. a3 Kf4 68. Kxa5 Ke5 69. Kb4 Kd5 70. Kxb3 Kc5 71. Ka4 Kb6 72.
Kb4 Ka6 73. Kc5 Ka5 74. b4+ Ka6 75. Kc6 Ka7 76. Kc7 Ka8 77. b5 Ka7 78. b6+ 1-0

[Event "Thüringer Einzelmeisterschaft"]
[Site "Finsterbergen (Thüringen)"]
[Date "2007.04.07"]
[Round "6"]
[White "Bethge, Johanna"]
[Black "Grube, Jan"]
[Result "0-1"]
[WhiteElo "1526"]
[BlackElo "1784"]
[PlyCount "68"]
[EventDate "2007.??.??"]

1. e4 c5 2. Nf3 Nc6 3. d4 cxd4 4. Nxd4 d6 5. Nc3 Nf6 6. f3 g6 7. Be3 Bg7 8. Qd2
O-O 9. O-O-O Nxd4 10. Bxd4 Be6 11. g4 Qa5 12. Kb1 Rac8 13. a3 Rfe8 14. h4 Bc4
15. h5 Bxf1 16. Rdxf1 Rc4 17. hxg6 fxg6 18. g5 Nh5 19. Bxg7 Kxg7 20. Rh2 Rf8
21. Qd3 Qc5 22. Ne2 Qc8 23. Qd5 Rxc2 24. Qd4+ Kg8 25. Qxa7 Ng3 26. Rc1 Rxc1+
27. Nxc1 Rxf3 28. Rc2 Qd7 29. Qb6 Nxe4 30. Qb4 Nxg5 31. Qc4+ Rf7 32. Qc8+ Qxc8
33. Rxc8+ Kg7 34. Rc7 e5 0-1

[Event "Thüringer Einzelmeisterschaft"]
[Site "Finsterbergen (Thüringen)"]
[Date "2007.04.08"]
[Round "7"]
[White "Fischer, Dennis"]
[Black "Wehner, Janis"]
[Result "1/2-1/2"]
[WhiteElo "1830"]
[BlackElo "2225"]
[PlyCount "58"]
[EventDate "2007.??.??"]

1. b3 Nf6 2. Bb2 e6 3. g3 Be7 4. Bg2 d5 5. e3 c5 6. Ne2 Nc6 7. O-O O-O 8. d4
cxd4 9. exd4 Qc7 10. c4 Rd8 11. Nd2 b6 12. Rc1 Bb7 13. Nf3 dxc4 14. bxc4 Na5
15. Nd2 Bxg2 16. Kxg2 Qb7+ 17. Kg1 Rac8 18. Qa4 Qd7 19. Qb5 Qxb5 20. cxb5 Nd5
21. Rxc8 Rxc8 22. Rc1 Rxc1+ 23. Nxc1 Kf8 24. Nd3 Ke8 25. Kf1 Nb4 26. Nxb4 Bxb4
27. Ne4 Nc4 28. Bc3 Be7 29. a4 f5 1/2-1/2

[Event "Thüringer Einzelmeisterschaft"]
[Site "Finsterbergen (Thüringen)"]
[Date "2007.04.08"]
[Round "7"]
[White "Michalowski, Peter"]
[Black "Skibbe, Willi"]
[Result "1-0"]
[WhiteElo "2098"]
[BlackElo "2168"]
[PlyCount "117"]
[EventDate "2007.??.??"]

1. e4 e6 2. d3 d5 3. Nd2 Nf6 4. Ngf3 b6 5. e5 Nfd7 6. d4 c5 7. c3 Be7 8. Qa4
O-O 9. Bd3 a5 10. Bb1 f5 11. exf6 Bxf6 12. Qc2 g6 13. h4 e5 14. h5 e4 15. hxg6
hxg6 16. Nxe4 dxe4 17. Qb3+ Rf7 18. Bxe4 Qe7 19. O-O Qxe4 20. Re1 a4 21. Qxf7+
Kxf7 22. Rxe4 Bb7 23. Re3 cxd4 24. Nxd4 Nc6 25. Nb5 Kg7 26. Nc7 Rc8 27. Ne8+
Kf7 28. Nd6+ Kg7 29. Nxc8 Bxc8 30. Re1 Nde5 31. Be3 b5 32. Bd4 Nxd4 33. cxd4
Nd3 34. Re8 Bd7 35. Rb8 Bxd4 36. Rd8 Bxf2+ 37. Kf1 Bf5 38. Rxd3 Bxd3+ 39. Kxf2
Bc4 40. a3 Kf6 41. g4 Ke5 42. Ke3 Be6 43. Rc1 Bxg4 44. Rc5+ Kf6 45. Rxb5 Bd1
46. Kf4 Ke6 47. Rb6+ Kd5 48. Rxg6 Kc4 49. Ke3 Kb3 50. Rb6+ Ka2 51. Kd2 Bb3 52.
Kc1 Bd5 53. Rb4 Bc6 54. Kc2 Be8 55. Kc3 Bd7 56. Kc4 Be6+ 57. Kb5 Bd7+ 58. Ka5
Be8 59. Rxa4 1-0

[Event "Thüringer Einzelmeisterschaft"]
[Site "Finsterbergen (Thüringen)"]
[Date "2007.04.08"]
[Round "7"]
[White "Bohatschek, Daniel"]
[Black "Kirste, Olaf"]
[Result "1-0"]
[WhiteElo "1818"]
[BlackElo "2049"]
[PlyCount "85"]
[EventDate "2007.??.??"]

1. e4 c5 2. Nc3 a6 3. a4 d6 4. Bc4 e6 5. f4 Nc6 6. Nf3 Nf6 7. Qe2 Qc7 8. d3 Be7
9. O-O O-O 10. Qf2 Bd7 11. Kh1 Nd4 12. Nxd4 cxd4 13. Qxd4 d5 14. exd5 Bc5 15.
Qe5 Qxe5 16. fxe5 Ng4 17. h3 Nxe5 18. Bb3 exd5 19. Bxd5 Nc6 20. Ne4 Be7 21. Bg5
Rae8 22. Bxe7 Rxe7 23. Nd6 Nd8 24. b3 Re5 25. Bf3 Nc6 26. Rfe1 Rxe1+ 27. Rxe1
Nd4 28. Re7 Be6 29. Bd1 b5 30. axb5 axb5 31. Rb7 Bd5 32. Rb6 f5 33. Nxb5 Nxb5
34. Rxb5 Bc6 35. Rc5 Re8 36. Rxc6 Re1+ 37. Kh2 Rxd1 38. b4 Rd2 39. Kg3 g6 40.
b5 Kg7 41. b6 h5 42. b7 h4+ 43. Kf3 1-0

[Event "Thüringer Einzelmeisterschaft"]
[Site "Finsterbergen (Thüringen)"]
[Date "2007.04.08"]
[Round "7"]
[White "Goemann, Jens"]
[Black "Koksch, Robert"]
[Result "1/2-1/2"]
[WhiteElo "2171"]
[BlackElo "2108"]
[PlyCount "57"]
[EventDate "2007.??.??"]

1. Nf3 d5 2. b3 c5 3. Bb2 Nc6 4. g3 Nf6 5. Bg2 g6 6. d4 Bg7 7. O-O cxd4 8. Nxd4
O-O 9. Nd2 Nxd4 10. Bxd4 Nh5 11. Bxg7 Nxg7 12. e4 dxe4 13. Nxe4 Bf5 14. c4 Qxd1
15. Rfxd1 Rad8 16. Nc3 b6 17. Nb5 a5 18. Nd4 Bg4 19. f3 Bd7 20. f4 Bg4 21. Nf3
Nf5 22. Kf2 Nd6 23. Re1 Bxf3 24. Bxf3 e6 25. Rac1 Rc8 26. Rc2 Rfd8 27. Rec1 Rc5
28. Rd1 Kf8 29. Rcd2 1/2-1/2

[Event "Thüringer Einzelmeisterschaft"]
[Site "Finsterbergen (Thüringen)"]
[Date "2007.04.08"]
[Round "7"]
[White "Rößner, Uwe"]
[Black "Horatschek, Stefan"]
[Result "0-1"]
[WhiteElo "1830"]
[BlackElo "2057"]
[PlyCount "104"]
[EventDate "2007.??.??"]

1. Nf3 d5 2. g3 Nf6 3. Bg2 c6 4. O-O Bf5 5. d3 e6 6. b3 Be7 7. Bb2 O-O 8. c4 a6
9. Qc2 Nbd7 10. Nbd2 Re8 11. Rac1 a5 12. a3 Qb6 13. Qc3 Bf8 14. Ne5 Nxe5 15.
Qxe5 Rad8 16. Qc3 d4 17. Qc2 c5 18. Rb1 e5 19. b4 cxb4 20. axb4 axb4 21. Nb3
Ra8 22. Ra1 Ra6 23. Rxa6 bxa6 24. Ra1 Nd7 25. Bc1 Rc8 26. Qa2 Nb8 27. Qa5 Qc7
28. Bd2 Bg6 29. Bxb4 e4 30. Nxd4 exd3 31. exd3 Bxd3 32. Bxf8 Qxa5 33. Rxa5 Rxc4
34. h4 Kxf8 35. Nf3 Nc6 36. Ra3 Rc1+ 37. Kh2 Bb5 38. Nd2 Ne5 39. Ne4 Rc2 40.
Nd6 Rxf2 41. Nxb5 axb5 42. Rb3 Nc4 43. Kg1 Rb2 44. Rd3 Ke7 45. Bh3 Ne5 46. Rd5
f6 47. Rc5 Kd6 48. Rc8 b4 49. Rb8 Kc5 50. h5 Kd4 51. Bf5 Ke3 52. Rb7 Nf3+ 0-1

[Event "Thüringer Einzelmeisterschaft"]
[Site "Finsterbergen (Thüringen)"]
[Date "2007.04.08"]
[Round "7"]
[White "von Otte, Wilhelm"]
[Black "Seiler, Mario"]
[Result "1/2-1/2"]
[WhiteElo "2024"]
[BlackElo "1682"]
[PlyCount "26"]
[EventDate "2007.??.??"]

1. e4 c5 2. c3 Nc6 3. d4 cxd4 4. cxd4 e6 5. Nf3 d6 6. Nc3 Nf6 7. Be3 Be7 8. Rc1
O-O 9. Bd3 Ng4 10. Bd2 e5 11. h3 exd4 12. Nd5 Nge5 13. Bb1 Be6 1/2-1/2

[Event "Thüringer Einzelmeisterschaft"]
[Site "Finsterbergen (Thüringen)"]
[Date "2007.04.08"]
[Round "7"]
[White "Reichenbach, Marian"]
[Black "Gulich, Christian"]
[Result "1/2-1/2"]
[WhiteElo "1601"]
[BlackElo "2083"]
[PlyCount "53"]
[EventDate "2007.??.??"]

1. e4 c5 2. d4 cxd4 3. c3 dxc3 4. Nxc3 Nc6 5. Nf3 Qc7 6. Nb5 Qb8 7. Bc4 Nf6 8.
Qe2 e6 9. O-O Bc5 10. h3 a6 11. Nc3 Nd4 12. Nxd4 Bxd4 13. Rd1 Qe5 14. Bf4 Qxf4
15. Rxd4 b5 16. Bb3 Bb7 17. Rad1 e5 18. R4d3 O-O 19. Rf3 Qh6 20. Rd6 Rac8 21.
Rg3 b4 22. Nd1 Qf4 23. Bd5 Bxd5 24. exd5 Rc1 25. Rf3 Qd4 26. Rd3 Qc5 27. Rxf6
1/2-1/2

[Event "Thüringer Einzelmeisterschaft"]
[Site "Finsterbergen (Thüringen)"]
[Date "2007.04.08"]
[Round "7"]
[White "Wagner, Ronald"]
[Black "Hanisch, Rene"]
[Result "1/2-1/2"]
[WhiteElo "1807"]
[BlackElo "1800"]
[PlyCount "122"]
[EventDate "2007.??.??"]

1. e4 c5 2. Nc3 a6 3. g3 g6 4. Bg2 Bg7 5. d3 Nc6 6. f4 e6 7. Nf3 Nge7 8. Be3 b6
9. Qd2 d5 10. Bf2 Bb7 11. e5 Qc7 12. O-O O-O 13. Ne2 Rac8 14. d4 Na5 15. b3
Rfd8 16. Rac1 Ba8 17. c3 cxd4 18. Nexd4 Qb7 19. g4 Nac6 20. Bh4 Rd7 21. Bf6
Nxd4 22. Nxd4 Nc6 23. Nxc6 Qxc6 24. Kh1 Rdc7 25. Rf3 Qc5 26. Rh3 d4 27. Bxa8
Rxa8 28. Bxg7 Kxg7 29. f5 Qd5+ 30. Kg1 h5 31. f6+ Kf8 32. c4 Qe4 33. gxh5 Qg4+
34. Qg2 Qxg2+ 35. Kxg2 Kg8 36. hxg6 fxg6 37. Rd3 Rc5 38. Re1 Rd8 39. Kf3 Ra5
40. a4 b5 41. axb5 axb5 42. Ke4 bxc4 43. bxc4 Ra2 44. h3 Kf7 45. Rxd4 Rh8 46.
Rd7+ Ke8 47. Re7+ Kf8 48. Rxe6 Ra5 49. Re3 Rh4+ 50. Kd3 Ra3+ 51. Ke2 Ra2+ 52.
Kf3 Rxh3+ 53. Ke4 Rh4+ 54. Kd5 Rd2+ 55. Kc5 Rc2 56. Rd6 Rhxc4+ 57. Kd5 Rc5+ 58.
Ke6 Rc8 59. Rh3 Re8+ 60. Kd7 Rxe5 61. Rh8+ Kf7 1/2-1/2

[Event "Thüringer Einzelmeisterschaft"]
[Site "Finsterbergen (Thüringen)"]
[Date "2007.04.08"]
[Round "7"]
[White "Müller, Robert"]
[Black "Grube, Jan"]
[Result "0-1"]
[WhiteElo "1708"]
[BlackElo "1784"]
[PlyCount "98"]
[EventDate "2007.??.??"]

1. d4 d5 2. c4 e6 3. Nc3 Nf6 4. Bg5 Be7 5. e3 O-O 6. Nf3 Nbd7 7. Bd3 dxc4 8.
Bxc4 c6 9. O-O Nd5 10. Bxe7 Qxe7 11. a3 f5 12. Re1 N7f6 13. Ne5 Bd7 14. Bxd5
cxd5 15. Qb3 b6 16. Rac1 Rac8 17. Nb5 Bxb5 18. Qxb5 Rc7 19. Rxc7 Qxc7 20. Qc6
Qxc6 21. Nxc6 Rf7 22. f3 Kf8 23. Kf2 Rc7 24. Ne5 Ke7 25. Nd3 Ne8 26. Rc1 Rxc1
27. Nxc1 Nd6 28. b3 Nb5 29. a4 Nd6 30. Ke2 g5 31. Nd3 Nf7 32. g3 Kd6 33. h3 h5
34. h4 gxh4 35. gxh4 e5 36. dxe5+ Nxe5 37. Nf4 Kc5 38. Nxh5 Ng6 39. Nf6 Nxh4
40. f4 Kb4 41. Nxd5+ Kxb3 42. Ne7 Kxa4 43. Nxf5 Nxf5 44. e4 Ng7 45. f5 b5 46.
Ke3 b4 47. Kf4 b3 48. f6 Nh5+ 49. Kg5 Nxf6 0-1

[Event "Thüringer Einzelmeisterschaft"]
[Site "Finsterbergen (Thüringen)"]
[Date "2007.04.08"]
[Round "7"]
[White "Manger, Erika"]
[Black "Bethge, Johanna"]
[Result "1-0"]
[WhiteElo "1386"]
[BlackElo "1526"]
[PlyCount "107"]
[EventDate "2007.??.??"]

1. c4 Nf6 2. g3 e5 3. Bg2 d6 4. Nf3 Be7 5. O-O Be6 6. b3 O-O 7. Ng5 Bf5 8. Bxb7
Ng4 9. Bxa8 Bxg5 10. Bg2 h5 11. h3 Nf6 12. d3 Bxc1 13. Qxc1 Qc8 14. Kh2 Nbd7
15. e4 Bg6 16. Qe3 Nc5 17. Nc3 a6 18. b4 Ne6 19. Nd5 Nxd5 20. cxd5 Nd4 21. Rac1
Qb7 22. a3 f6 23. f4 Rd8 24. fxe5 dxe5 25. Rc5 c6 26. dxc6 Nxc6 27. Rfc1 Nd4
28. Rc7 Qb5 29. Rc8 Rxc8 30. Rxc8+ Kh7 31. Qd2 Qa4 32. Qc3 Qd1 33. Qc1 Qxd3 34.
Qc4 Qxc4 35. Rxc4 Be8 36. Rc7 Bb5 37. Kg1 Kg6 38. Kf2 Ne6 39. Rb7 Nd4 40. Bf1
Kh6 41. Bxb5 axb5 42. Ra7 g5 43. Ra6 Kg6 44. a4 bxa4 45. Rxa4 h4 46. g4 Kf7 47.
Ra5 Ke7 48. Rd5 Ne6 49. Rd3 Nf4 50. Rc3 Kd7 51. b5 Ne6 52. b6 Nd8 53. Ke2 Nb7
54. Rc7+ 1-0

[Event "Thüringer Einzelmeisterschaft"]
[Site "Finsterbergen (Thüringen)"]
[Date "2007.04.08"]
[Round "8"]
[White "Kirschbaum, Gunnar"]
[Black "Fuchs, Antje"]
[Result "0-1"]
[WhiteElo "2180"]
[BlackElo "2087"]
[PlyCount "100"]
[EventDate "2007.??.??"]

1. d4 Nf6 2. c4 e6 3. Nc3 Bb4 4. Qc2 c5 5. dxc5 Bxc5 6. Nf3 Nc6 7. a3 d5 8. e3
O-O 9. b4 d4 10. exd4 Nxd4 11. Nxd4 Bxd4 12. Bd3 Ng4 13. O-O Qh4 14. h3 Ne5 15.
Be3 Nxd3 16. Qxd3 Bxc3 17. Qxc3 b6 18. c5 bxc5 19. Bxc5 Rd8 20. Qe3 a6 21. Bb6
Rd5 22. Rfd1 Bb7 23. Rxd5 Bxd5 24. Rc1 h6 25. Qe5 f6 26. Qe3 Rb8 27. Rc7 Qe4
28. Qg3 Qxg2+ 29. Qxg2 Bxg2 30. Ba7 Rb7 31. Rxb7 Bxb7 32. Kf1 g5 33. Ke2 Kf7
34. f3 Kg6 35. Bf2 Kf5 36. Ke3 Bc6 37. h4 h5 38. hxg5 fxg5 39. Bg3 e5 40. Kf2
Ke6 41. Ke3 Kd6 42. Be1 h4 43. Kf2 Ke6 44. Bd2 Kf5 45. Be3 e4 46. a4 exf3 47.
b5 axb5 48. axb5 Bb7 49. Bc5 g4 50. Be7 g3+ 0-1

[Event "Thüringer Einzelmeisterschaft"]
[Site "Finsterbergen (Thüringen)"]
[Date "2007.04.08"]
[Round "8"]
[White "Wehner, Jannis"]
[Black "Michalowski, Peter"]
[Result "1-0"]
[WhiteElo "2225"]
[BlackElo "2098"]
[PlyCount "91"]
[EventDate "2007.??.??"]

1. e4 c5 2. Nc3 Nc6 3. Bb5 Nd4 4. Bc4 e6 5. d3 g6 6. Nge2 Bg7 7. O-O Ne7 8. a3
Nec6 9. Nb1 Nxe2+ 10. Qxe2 O-O 11. c3 d5 12. Bb5 d4 13. c4 e5 14. Ba4 Qd6 15.
Bxc6 Qxc6 16. Bg5 b6 17. b4 cxb4 18. axb4 b5 19. cxb5 Qxb5 20. Be7 Re8 21. Na3
Qb7 22. Bc5 Be6 23. Rfc1 a5 24. bxa5 Rxa5 25. Rab1 Rxc5 26. Rxc5 Qa7 27. Rcb5
Qxa3 28. h3 Rc8 29. Rb8 Rxb8 30. Rxb8+ Bf8 31. Qc2 Qc3 32. Qb1 Kg7 33. Kf1 Ba3
34. Rb6 Qd2 35. Kg1 Bc1 36. g4 h5 37. Rc6 Qe1+ 38. Kg2 Bd2 39. Qb8 Bf4 40. Rxe6
hxg4 41. hxg4 fxe6 42. Qc7+ Kh6 43. Qd8 Qb4 44. Qh8+ Kg5 45. Kh3 Bc1 46. Qh4+
1-0

[Event "Thüringer Einzelmeisterschaft"]
[Site "Finsterbergen (Thüringen)"]
[Date "2007.04.08"]
[Round "8"]
[White "Fischer, Dennis"]
[Black "Bohatschek, Daniel"]
[Result "1/2-1/2"]
[WhiteElo "1830"]
[BlackElo "1818"]
[PlyCount "100"]
[EventDate "2007.??.??"]

1. b3 Nf6 2. Bb2 d6 3. g3 e5 4. Bg2 Nc6 5. e3 g6 6. Ne2 Bg7 7. O-O O-O 8. h3
Ne8 9. d4 exd4 10. Nxd4 Nxd4 11. Bxd4 Bxd4 12. Qxd4 Qf6 13. c3 Qxd4 14. cxd4
Nf6 15. Nc3 c6 16. Rfc1 Bd7 17. b4 Rac8 18. g4 b6 19. Ne2 c5 20. Bb7 Rc7 21.
Ba6 Bc8 22. Bd3 Bb7 23. Rc2 Rfc8 24. Rac1 Be4 25. Bxe4 Nxe4 26. Nf4 Nf6 27. g5
Ne8 28. Nd5 Rd7 29. e4 f5 30. gxf6 Kf7 31. bxc5 bxc5 32. dxc5 dxc5 33. Rxc5
Rxc5 34. Rxc5 Nxf6 35. Nc3 Ke6 36. Kg2 Rd4 37. Rc6+ Ke7 38. Rc7+ Ke6 39. Rxa7
Nxe4 40. Nxe4 Rxe4 41. a4 h6 42. a5 Ra4 43. Kg3 Kf5 44. a6 Kg5 45. Ra8 Ra3+ 46.
f3 Kh5 47. Kf4 Kh4 48. a7 h5 49. Ke5 g5 50. Ke4 Ra4+ 1/2-1/2

[Event "Thüringer Einzelmeisterschaft"]
[Site "Finsterbergen (Thüringen)"]
[Date "2007.04.08"]
[Round "8"]
[White "Seiler, Mario"]
[Black "Goemann, Jens"]
[Result "0-1"]
[WhiteElo "1682"]
[BlackElo "2171"]
[PlyCount "70"]
[EventDate "2007.??.??"]

1. d4 Nf6 2. Nf3 g6 3. e3 c5 4. Bd3 Bg7 5. O-O O-O 6. c3 b6 7. Nbd2 Bb7 8. Ne5
d6 9. Ng4 Nxg4 10. Qxg4 e5 11. dxe5 dxe5 12. Be4 f5 13. Bxf5 gxf5 14. Qh5 Qf6
15. Nc4 Nc6 16. Rd1 Rad8 17. Bd2 b5 18. Na3 a6 19. c4 b4 20. Nc2 e4 21. Be1
Qxb2 22. Rxd8 Rxd8 23. Rd1 Qe5 24. Rxd8+ Nxd8 25. f4 exf3 26. gxf3 Nf7 27. Bg3
Qe6 28. Kf2 Bc3 29. Bf4 Qd7 30. e4 fxe4 31. fxe4 Bxe4 32. Qxc5 Bxc2 33. Be3 Bf6
34. Qxb4 Bh4+ 35. Kf3 Ne5+ 0-1

[Event "Thüringer Einzelmeisterschaft"]
[Site "Finsterbergen (Thüringen)"]
[Date "2007.04.08"]
[Round "8"]
[White "Skibbe, Willi"]
[Black "von Otte, Wilhelm"]
[Result "1-0"]
[WhiteElo "2168"]
[BlackElo "2024"]
[PlyCount "107"]
[EventDate "2007.??.??"]

1. e4 e6 2. d4 d5 3. Nd2 Nf6 4. e5 Nfd7 5. c3 c5 6. Bd3 Nc6 7. Ne2 Qb6 8. Nf3
a5 9. O-O a4 10. a3 c4 11. Bc2 Qa7 12. Be3 b5 13. Qd2 h6 14. Ne1 Na5 15. f4 Nb3
16. Bxb3 axb3 17. g4 g6 18. f5 gxf5 19. gxf5 exf5 20. Nf4 Nb6 21. Nh5 Be6 22.
Nf3 Be7 23. Bf2 O-O-O 24. Bh4 Na4 25. Bxe7 Qxe7 26. Nf6 Qf8 27. Kh1 h5 28. h4
Qh6 29. Ng5 Kb7 30. Rf4 Nb6 31. Kg1 Nd7 32. Nxd7 Rxd7 33. Kh2 Kb6 34. Rf2 Ra7
35. Rg1 Qf8 36. Nh3 Qe7 37. Qg5 Kc6 38. Qxe7 Rxe7 39. Nf4 Ree8 40. Rg5 Kd7 41.
Rxh5 Ke7 42. Rxh8 Rxh8 43. h5 Kf8 44. Rg2 Rg8 45. Rxg8+ Kxg8 46. Kg3 Kg7 47.
h6+ Kxh6 48. Kh4 Kg7 49. Kg5 Kf8 50. Nh5 Bc8 51. Ng3 Be6 52. Nxf5 Bxf5 53. Kxf5
Ke7 54. Kf4 1-0

[Event "Thüringer Einzelmeisterschaft"]
[Site "Finsterbergen (Thüringen)"]
[Date "2007.04.08"]
[Round "8"]
[White "Gulich, Christian"]
[Black "Kirste, Olaf"]
[Result "0-1"]
[WhiteElo "2083"]
[BlackElo "2049"]
[PlyCount "40"]
[EventDate "2007.??.??"]

1. e4 c5 2. Nf3 a6 3. c4 d6 4. d4 cxd4 5. Nxd4 Nf6 6. Nc3 g6 7. Be2 Bg7 8. Be3
Nc6 9. O-O O-O 10. Rc1 Bd7 11. f3 Rc8 12. Qd2 Re8 13. Rfd1 Ne5 14. b3 Qa5 15.
Bf1 Nc6 16. Nc2 Ng4 17. Bd4 Nxd4 18. Nxd4 Bh6 19. f4 e5 20. Nde2 Qc5+ 0-1

[Event "Thüringer Einzelmeisterschaft"]
[Site "Finsterbergen (Thüringen)"]
[Date "2007.04.08"]
[Round "8"]
[White "Wagner, Ronald"]
[Black "Rößner, Uwe"]
[Result "1-0"]
[WhiteElo "1807"]
[BlackElo "1830"]
[PlyCount "43"]
[EventDate "2007.??.??"]

1. e4 d6 2. d4 Nf6 3. Nc3 e5 4. Nf3 exd4 5. Nxd4 g6 6. Be3 Bg7 7. f3 O-O 8. Bc4
Re8 9. Qd2 Nbd7 10. O-O-O a5 11. Bh6 Bh8 12. h4 Nc5 13. h5 Ne6 14. hxg6 hxg6
15. Nde2 Nh7 16. Rh2 Nef8 17. Rdh1 Bg7 18. Bxg7 Kxg7 19. Rxh7+ Nxh7 20. Qh6+
Kg8 21. Qxh7+ Kf8 22. Qxf7# 1-0

[Event "Thüringer Einzelmeisterschaft"]
[Site "Finsterbergen (Thüringen)"]
[Date "2007.04.08"]
[Round "8"]
[White "Grube, Jan"]
[Black "Reichenbach, Marian"]
[Result "1/2-1/2"]
[WhiteElo "1784"]
[BlackElo "1601"]
[PlyCount "100"]
[EventDate "2007.??.??"]

1. c4 f5 2. Nf3 Nf6 3. d4 e6 4. Bg5 d5 5. Ne5 c6 6. c5 Nbd7 7. Nc3 Be7 8. Bf4
O-O 9. b4 Ne4 10. Nxe4 dxe4 11. e3 g5 12. Nxd7 Bxd7 13. Be5 Qe8 14. Be2 Bf6 15.
Bh5 Qd8 16. Qd2 Bxe5 17. dxe5 Be8 18. Be2 Qxd2+ 19. Kxd2 Rd8+ 20. Kc3 Kf7 21.
Bc4 Ke7 22. Rad1 Rxd1 23. Rxd1 Bd7 24. a4 a6 25. Kd4 Rd8 26. Rg1 Be8+ 27. Kc3
Bh5 28. Kc2 g4 29. g3 Be8 30. Rh1 h5 31. h3 Bg6 32. hxg4 fxg4 33. Rd1 Rf8 34.
Rd2 Rf5 35. b5 axb5 36. axb5 Rxe5 37. bxc6 bxc6 38. Kc3 Rxc5 39. Kd4 Ra5 40.
Kc3 Rf5 41. Ra2 Kd6 42. Rd2+ Ke7 43. Ra2 Kf6 44. Kd4 c5+ 45. Kc3 Bf7 46. Rb2
Kg5 47. Bb5 h4 48. gxh4+ Kxh4 49. Bc6 Re5 50. Rb7 Bg6 1/2-1/2